[Event "FRA-ch U16 Girls"]
[Site "Belfort"]
[Date "2017.04.16"]
[Round "3.1"]
[White "Lomandong, Noela Joyce"]
[Black "Lapeyre, Maeva"]
[Result "1-0"]
[WhiteElo "1987"]
[BlackElo "1604"]
[PlyCount "53"]
[EventDate "2017.04.16"]
[EventType "swiss"]
[EventRounds "9"]
[EventCountry "FRA"]
[SourceTitle "EXT 2019"]
[Source "ChessBase"]
[SourceDate "2018.10.10"]
[SourceVersion "1"]
[SourceVersionDate "2018.10.10"]
[SourceQuality "1"]

1. Nf3 d5 2. g3 Nf6 3. Bg2 e6 4. c4 Be7 5. d4 0-0 6. Nc3 Nbd7 7. 0-0 dxc4 8. e4 b6 9. Qe2 Bb7 10. Re1 c5 11. d5 exd5 12. exd5 Re8 13. Qxc4 Qc7 14. Bf4 Qc8 15. d6 Bf8 16. Ng5 Bxg2 17. Nxf7 Rxe1+ 18. Rxe1 g6 19. Kxg2 Qb8 20. Ne4 Kg7 21. Bh6+ Kg8 22. Nfg5+ Kh8 23. Nf7+ Kg8 24. Bg5 b5 25. Qe6 Bg7 26. Nxf6+ Nxf6 27. Nh6+ 1-0